[Event "EU-chT (Men) 10th"]
[Site "Debrecen"]
[Date "1992.11.??"]
[Round "1.1"]
[White "Kotronias, Vasilios"]
[Black "Akopian, Vladimir Eduardovic"]
[Result "0-1"]
[WhiteElo "2560"]
[BlackElo "2605"]
[Annotator "Bulletin"]
[PlyCount "126"]
[EventDate "1992.11.20"]
[EventType "team-swiss"]
[EventRounds "9"]
[EventCountry "HUN"]
[SourceTitle "EU-chT"]
[Source "ChessBase"]
[SourceDate "1999.07.01"]
[SourceVersion "2"]
[SourceVersionDate "1999.07.01"]
[SourceQuality "1"]
[WhiteTeam "Greece"]
[BlackTeam "Armenia"]
[WhiteTeamCountry "GRE"]
[BlackTeamCountry "ARM"]

1. e4 c5 2. Nf3 Nc6 3. d4 cxd4 4. Nxd4 Qb6 5. Nb3 Nf6 6. Nc3 e6 7. Bd3 Be7 8.
Be3 Qc7 9. f4 d6 10. Qf3 a6 11. O-O-O b5 12. g4 Nd7 13. Kb1 $5 (13. g5) 13...
Bb7 (13... Nc5 14. Nxc5 dxc5 15. e5 {/\ Be4+/=}) (13... Nb6 $5) 14. g5 Nc5 15.
Qh3 {/\ g6} Na4 16. Ne2 (16. g6 $6 Nxc3+ 17. bxc3 fxg6 18. Qxe6 Qc8 $13) 16...
Qd7 (16... O-O-O $6 17. f5 $16) 17. Rhf1 O-O-O 18. Qg3 Kb8 19. f5 e5 (19... Ne5
20. Bf4 Qc7 21. fxe6 fxe6 22. Ned4 $16) (19... Ka8 $5 20. fxe6 fxe6 21. Rf7
Rhg8 {/\ Ne5}) 20. f6 $1 gxf6 21. gxf6 Bf8 (21... Rdg8 22. Qe1 Bd8 23. c4 $1
$16) 22. Qe1 $1 $16 {/\ Na5} Qc7 23. Ng3 (23. c4 bxc4 24. Bxc4 Nd4 $1 25. Qb4 (
25. Bd3 Nc5 $1 $13) 25... d5 26. Qxa4 Qxc4 $1 (26... dxc4 27. Nbxd4 exd4 28.
Nxd4 Bxe4+ 29. Ka1 $16) 27. Qxc4 dxc4 28. Nbxd4 exd4 29. Nxd4 Bxe4+ 30. Kc1 Kb7
$10) 23... d5 24. exd5 Rxd5 25. Be4 Rxd1+ 26. Qxd1 h5 $1 (26... Ba3 27. Bc1 $16
) 27. Qf3 Bb4 28. Nf5 Rc8 29. Bc1 Nd8 30. Qe2 $1 Qc4 31. Bd3 Qc7 32. Ng7 $1 {
/\ Ne8+-} Nc6 33. Nxh5 Bc3 34. Ng3 (34. Be4 $2 Nd4 35. Nxd4 Bxd4 {/\} 36. Bxb7
Nc3+ 37. bxc3 Qxc3 $19) 34... Nd4 35. Nxd4 $2 (35. Qf2 $1 {/\} Nxb3 36. axb3
Bd4 37. Qxd4 $1 exd4 38. Bf4 $18) 35... Bxd4 36. Nf5 (36. Ne4 $2 Bxe4 {/\ Nc3-+
}) 36... Bxb2 $1 37. Bxb2 Nxb2 38. Kxb2 Qc3+ 39. Kc1 Qa1+ $2 (39... e4 $1) 40.
Kd2 Qc3+ 41. Kc1 $2 (41. Ke3 $2 Qc5+ 42. Kd2 e4 $1 $17) (41. Kd1 $1 $10) 41...
e4 $1 $17 42. Bxe4 Bxe4 43. Qxe4 Qa1+ 44. Kd2 Qxf1 {Q 9/b} 45. Nd6 (45. Qe5+
Rc7 46. Qe8+ Kb7 47. Qe4+ (47. Nd6+ Kb6) 47... Kb6 $1 48. Qe3+ (48. Qd4+ Ka5)
48... Rc5) 45... Qf2+ 46. Kc1 Rc7 47. Qe8+ Ka7 48. Nc8+ Kb7 49. Nd6+ (49. Qe4+
Kb8 $1 $19) 49... Kb6 50. Qb8+ (50. Nc8+ Ka5 $19) 50... Kc6 51. Ne8 Qg1+ $1 52.
Kb2 Qd4+ 53. c3 Qd2+ 54. Kb3 Rd7 55. Qa8+ Kc5 $1 $19 56. Qe4 (56. Qxa6 Qd1+ 57.
Ka3 Qc1+ 58. Kb3 Qb1+ 59. Ka3 b4+ $1) (56. Qc8+ Kb6 57. Qb8+ Ka5) 56... Qd5+
57. Qxd5+ Rxd5 58. a4 Rd8 59. Ng7 (59. Nc7 Kb6) 59... Rh8 60. axb5 axb5 61. Nf5
Rxh2 62. Ng3 Rg2 63. Nh5 (63. Ne4+ Kd5) 63... Rg6 0-1

[Event "Bugojno"]
[Site "Bugojno"]
[Date "1978.03.16"]
[Round "15"]
[White "Byrne, Robert Eugene"]
[Black "Timman, Jan H"]
[Result "1/2-1/2"]
[WhiteElo "2550"]
[BlackElo "2585"]
[Annotator "Bulletin"]
[PlyCount "101"]
[EventDate "1978.02.27"]
[EventType "tourn"]
[EventRounds "15"]
[EventCountry "YUG"]
[EventCategory "14"]
[SourceTitle "MCL"]
[Source "ChessBase"]
[SourceDate "1999.07.01"]
[SourceVersion "1"]
[SourceVersionDate "1999.07.01"]
[SourceQuality "1"]

1. e4 c5 2. Nf3 Nc6 3. d4 cxd4 4. Nxd4 Nf6 5. Nc3 e5 6. Ndb5 d6 7. Bg5 a6 8.
Na3 b5 9. Bxf6 gxf6 10. Nd5 f5 11. Bd3 Be6 12. Qh5 Bg7 13. O-O f4 14. c3 O-O
15. Rad1 Rb8 16. Nc2 Qd7 (16... a5 17. Ne1 Ne7 18. Nf3 h6 19. Nh4 Bxd5 20. exd5
Nxd5 21. Nf5 Qg5 22. Qf3 Ne7 23. Nxd6 f5 24. Bxb5 e4 25. Qh3 Be5 $17 {
Hartoch-Kouatly, St Jean de Monts, 1976}) 17. Qe2 Kh8 (17... f3 $5) 18. Rfe1 f5
19. Ncb4 Nxb4 20. Nxb4 a5 21. exf5 Bg8 (21... axb4 22. fxe6 Qxe6 23. Qe4 $14) (
21... Bxf5 $13) 22. Nc2 Bxa2 23. Ra1 Bd5 24. Rxa5 f3 25. gxf3 Bh6 26. Ne3 Bc6
27. Ra6 Qb7 (27... Bb7 $5) 28. Rxc6 $1 $15 Qxc6 29. Be4 Qc7 30. Kh1 Bf4 31. Nd5
Qg7 32. Nxf4 exf4 33. Rg1 Qe5 34. Qd2 Rg8 35. Rd1 b4 (35... Rgd8) 36. Qxd6 Qxd6
37. Rxd6 bxc3 38. bxc3 Rbd8 (38... Rbc8 39. Rd3 Rb8 40. Rd7 {/\f6}) 39. Rxd8
Rxd8 40. c4 Rc8 41. Bd5 Kg7 42. Kg2 Kf6 43. Be6 Rc5 44. Kf1 Ra5 45. Kg2 h6 46.
Kf1 Ra3 47. Kg2 Rc3 48. h4 Ke5 49. Kg1 Rxf3 50. Kg2 Rc3 51. Kh2 (51. Kh2 Ke4
52. f6) 1/2-1/2

[Event "URS-ch46 First League"]
[Site "Ashkhabad"]
[Date "1978.??.??"]
[Round "2"]
[White "Kapengut, Albert Z"]
[Black "Jussupow, Artur"]
[Result "1/2-1/2"]
[WhiteElo "2465"]
[BlackElo "2450"]
[Annotator "Bulletin"]
[PlyCount "55"]
[EventDate "1978.10.??"]
[EventType "tourn"]
[EventRounds "17"]
[EventCountry "URS"]
[EventCategory "10"]
[SourceTitle "MCL"]
[Source "ChessBase"]
[SourceDate "1999.07.01"]
[SourceVersion "1"]
[SourceVersionDate "1999.07.01"]
[SourceQuality "1"]

1. e4 c5 2. Nf3 e6 3. d4 cxd4 4. Nxd4 Nf6 5. Nc3 Nc6 6. Ndb5 d6 7. Bf4 e5 8.
Bg5 a6 9. Na3 b5 10. Nd5 Be7 11. Bxf6 Bxf6 12. c3 O-O 13. Nc2 Bg5 (13... Rb8)
14. a4 bxa4 15. Rxa4 a5 16. Bb5 (16. Bc4 Rb8 17. Qa1 $14) 16... Bd7 17. O-O Rb8
18. c4 Na7 19. Bxd7 Qxd7 20. Rxa5 (20. Qa1 Rxb2 21. Rxa5 $14) 20... Rxb2 21. c5
Rb7 22. Qh5 Bd8 23. Nce3 $5 f6 (23... Bxa5 $1 24. Nf6+ gxf6 25. Nf5 Qxf5 26.
Qxf5 dxc5 27. Qxf6 Bd8 28. Qxe5 Be7 $15) 24. Ra3 dxc5 25. Nf5 g6 26. Rg3 Qe6
27. Rxg6+ hxg6 28. Qxg6+ 1/2-1/2

[Event "Porz Citroen-Cup"]
[Site "Cologne"]
[Date "1992.??.??"]
[Round "5"]
[White "Schaefer, Markus"]
[Black "Chuchelov, Vladimir"]
[Result "1/2-1/2"]
[WhiteElo "2435"]
[BlackElo "2490"]
[Annotator "Bulletin"]
[PlyCount "86"]
[EventDate "1992.08.??"]
[EventType "tourn"]
[EventRounds "9"]
[EventCountry "GER"]
[EventCategory "9"]
[SourceTitle "CBM 031"]
[Source "ChessBase"]
[SourceDate "1992.12.01"]
[SourceVersion "1"]
[SourceVersionDate "1992.12.01"]
[SourceQuality "1"]

1. e4 c5 2. Nf3 e6 3. d4 cxd4 4. Nxd4 a6 5. Bd3 Nf6 6. O-O Qc7 7. Nc3 Bc5 8.
Nb3 Be7 9. a4 Nc6 10. f4 d6 11. Qf3 O-O 12. Be3 b6 13. g4 Nd7 14. g5 Re8 15.
Qh5 g6 16. Qh4 Nb4 17. Rf3 Nxd3 18. cxd3 Nc5 19. Nd2 (19. Rh3 $6 h5 $1) 19...
Bb7 (19... Nxd3 $2 20. Bd4 Nc5 $140 21. Qxh7+) 20. Bd4 e5 21. Bf2 (21. fxe5
dxe5 22. Rxf7 Kxf7 23. Qxh7+ Ke6 24. Qh3+ Kf7 (24... Kd6 25. Bxe5+ Kxe5 26.
Nc4+ Kd4 27. Qe3#) 25. Qh7+ $10) 21... Ne6 22. Nd5 Bxd5 23. exd5 Nxf4 24. Ne4
h5 (24... Nxd5 25. Rxf7 Kxf7 26. Qxh7+ Ke6 27. Qh3+ $10) 25. Be3 Nxd5 26. Bd2
Qd7 27. h3 Qe6 28. Raf1 Rf8 29. Nf6+ Kg7 30. Qe4 (30. Nxh5+ $2 gxh5 31. Qxh5
Qg6 $8 (31... Nf4 $2 32. Rxf4 exf4 33. Bc3+ f6 34. Rxf4 Rh8 35. gxf6+ Bxf6 36.
Qg5+ Kh7 37. Rh4#)) 30... Nf4 31. Bxf4 exf4 32. Qxf4 Qe5 33. Qd2 Qd4+ 34. Kh1
d5 35. Nd7 Qh4 36. Nxf8 Rxf8 37. Qc3+ Kg8 38. Rg1 Bc5 39. Rgf1 Qxg5 40. Qe1 a5
41. d4 Bxd4 42. Rxf7 Rxf7 43. Qe8+ Kh7 (43... Kh7 44. Rxf7+ Bg7 $13) 1/2-1/2

[Event "Budapest FS05 GM"]
[Site "Budapest"]
[Date "1995.??.??"]
[Round "8"]
[White "Varavin, Viktor"]
[Black "Rogozenco, Dorian"]
[Result "1-0"]
[WhiteElo "2520"]
[BlackElo "2440"]
[Annotator "Bulletin"]
[PlyCount "87"]
[EventDate "1995.05.??"]
[EventType "tourn"]
[EventRounds "11"]
[EventCountry "HUN"]
[EventCategory "9"]
[SourceTitle "CBM 047 Extra"]
[Source "ChessBase"]
[SourceDate "1995.09.01"]
[SourceVersion "1"]
[SourceVersionDate "1995.09.01"]
[SourceQuality "1"]

1. e4 c5 2. Nf3 e6 3. d4 cxd4 4. Nxd4 Nf6 5. Nc3 Nc6 6. Ndb5 d6 7. Bf4 e5 8.
Bg5 a6 9. Na3 b5 10. Nd5 Be7 11. Bxf6 Bxf6 12. c3 Rb8 13. Nc2 Bg5 14. Qf3 Be6
15. Rd1 O-O 16. h4 Bh6 17. g4 Bf4 18. Nxf4 exf4 19. Qxf4 Ne5 20. Ne3 Bxa2 21.
Nf5 Rb6 22. Be2 Re8 23. Rd4 d5 24. exd5 Bxd5 25. O-O Qa8 26. Qg5 Ng6 27. Rxd5
Qxd5 28. Nh6+ gxh6 29. Qxd5 Nf4 30. Qd2 Nxe2+ 31. Kh2 Rbe6 32. f3 Re3 33. Re1
R8e6 34. Qd8+ Re8 35. Qd5 R8e5 36. Qa8+ Kg7 37. Rd1 Re8 38. Qb7 R8e7 39. Qa8
Nf4 40. Rd8 Ng6 41. Rg8+ $1 Kf6 42. Qc6+ $3 (42. Qxa6+ R7e6 43. Qxb5 Ne5 44.
Kg2 Rd6 $1 $132) 42... R7e6 43. Qc5 $1 Ne5 (43... Nxh4 44. g5+ hxg5 45. Qxg5#)
(43... Rxf3 44. g5+ hxg5 45. hxg5#) (43... R3e5 44. Qd4 Nxh4 45. Kg3 {/\ f4 +-}
) 44. g5+ $1 {(44. ... hxg5 45. hxg5 Kf5 46. Qxe3 Ng4+ 47. fxg4+ +-) Varavin,V}
1-0

[Event "URS-ch46 First League"]
[Site "Ashkhabad"]
[Date "1978.??.??"]
[Round "14"]
[White "Sveshnikov, Evgeny"]
[Black "Timoscenko, Gennadij A"]
[Result "1/2-1/2"]
[WhiteElo "2565"]
[BlackElo "2530"]
[Annotator "Bulletin"]
[PlyCount "29"]
[EventDate "1978.10.??"]
[EventType "tourn"]
[EventRounds "17"]
[EventCountry "URS"]
[EventCategory "10"]
[SourceTitle "MCL"]
[Source "ChessBase"]
[SourceDate "1999.07.01"]
[SourceVersion "1"]
[SourceVersionDate "1999.07.01"]
[SourceQuality "1"]

1. e4 c5 2. Nf3 Nc6 3. d4 cxd4 4. Nxd4 Nf6 5. Nc3 e5 6. Ndb5 d6 7. Bg5 a6 8.
Na3 b5 9. Nd5 Qa5+ 10. Bd2 Qd8 11. Bg5 (11. Nxf6+ Qxf6 12. Bd3 $1 d5 13. exd5
Nb4 14. Be4 Qh4 {Smyslov,V-Kuzmin,G/URS-ch/1977/} 15. Qe2 $1 $14) 11... Qa5+
12. Bd2 Qd8 13. Bg5 Qa5+ 14. Bd2 Qd8 15. Bg5 1/2-1/2

[Event "URS-ch46 First League"]
[Site "Ashkhabad"]
[Date "1978.??.??"]
[Round "15"]
[White "Makarichev, Sergey"]
[Black "Razuvaev, Yuri S"]
[Result "1/2-1/2"]
[WhiteElo "2495"]
[BlackElo "2460"]
[Annotator "Bulletin"]
[PlyCount "51"]
[EventDate "1978.10.??"]
[EventType "tourn"]
[EventRounds "17"]
[EventCountry "URS"]
[EventCategory "10"]
[SourceTitle "MCL"]
[Source "ChessBase"]
[SourceDate "1999.07.01"]
[SourceVersion "1"]
[SourceVersionDate "1999.07.01"]
[SourceQuality "1"]

1. e4 c5 2. Nf3 e6 3. d4 cxd4 4. Nxd4 Nf6 5. Nc3 Nc6 6. Ndb5 d6 7. Bf4 e5 8.
Bg5 a6 9. Na3 b5 10. Bxf6 gxf6 11. Nd5 f5 12. Bd3 Be6 13. c4 Qa5+ 14. Kf1 fxe4
(14... Bxd5 15. exd5 Nd4 16. cxb5 axb5 17. Nc2 $13) (14... b4 $5) 15. Bxe4 Bg7
16. Rc1 (16. Nf6+ Bxf6 17. Qxd6 Ne7 18. Bxa8 $13) (16. cxb5 axb5 17. Rc1 Ra6
18. Qd3 Bxd5 19. Qxd5 Ne7 20. Qxb5+ $10 {Balashov,Y-Geller,E/URS-ch/1977/})
16... Rc8 17. cxb5 axb5 18. Nf6+ Ke7 (18... Bxf6 19. Qxd6 Ne7 20. Rxc8+ Bxc8
21. Qxf6 $16) 19. Nh5 (19. Nd5+) 19... Bh6 20. Rxc6 Rxc6 21. Bxc6 Rc8 22. Qf3
Qd2 $1 $10 23. Qf6+ Kf8 24. Qh8+ Ke7 25. Qf6+ Kf8 26. Qh8+ 1/2-1/2

[Event "URS-ch46 First League"]
[Site "Ashkhabad"]
[Date "1978.??.??"]
[Round "4"]
[White "Tseshkovsky, Vitaly"]
[Black "Jussupow, Artur"]
[Result "1/2-1/2"]
[WhiteElo "2570"]
[BlackElo "2450"]
[Annotator "Bulletin"]
[PlyCount "82"]
[EventDate "1978.10.??"]
[EventType "tourn"]
[EventRounds "17"]
[EventCountry "URS"]
[EventCategory "10"]
[SourceTitle "MCL"]
[Source "ChessBase"]
[SourceDate "1999.07.01"]
[SourceVersion "1"]
[SourceVersionDate "1999.07.01"]
[SourceQuality "1"]

1. e4 c5 2. Nf3 e6 3. d4 cxd4 4. Nxd4 Nf6 5. Nc3 Nc6 6. Ndb5 d6 7. Bf4 e5 8.
Bg5 a6 9. Na3 b5 10. Nd5 Be7 11. Bxf6 Bxf6 12. c3 O-O 13. Nc2 Rb8 (13... Bg5)
14. Be2 (14. a4 bxa4 15. Ncb4 $1 Bd7 (15... Nxb4 16. Nxb4 Bb7 17. Qxa4 $14 {
Banas,J-Novak/CSR-ch/1978/}) 16. Bxa6 a3) 14... Bg5 15. O-O a5 16. b4 Be6 (
16... axb4 17. Ncxb4 Nxb4 {Jansa,V-Sveshnikov,E/Sochi/1976/1/2-1/2/}) 17. a4
bxa4 18. Rxa4 axb4 19. cxb4 Ne7 20. Bc4 $1 $14 Nxd5 21. Bxd5 Qc7 22. Ra2 Kh8
23. Qd3 Bxd5 24. Qxd5 f5 25. exf5 Rxf5 26. Nd4 Rf6 27. Ne6 (27. Nc6 Rbf8 {/\Be3
}) 27... Qf7 28. Ra8 Rg8 29. Rxg8+ Qxg8 30. Nc7 Rf7 31. Nb5 Be7 32. g3 (32.
Nxd6 Rf6 33. Qxg8+ Kxg8 34. Ne4 Rb6 $10) (32. Qe6 $1 d5 33. Nd6 Bxd6 34. Qxd6)
32... Rf8 33. Qb7 Qe6 34. Nc7 Qd7 35. b5 d5 36. Qc6 Qxc6 37. bxc6 d4 38. Nb5 d3
39. Rc1 d2 40. Rd1 Bb4 41. Kf1 Rc8 1/2-1/2

[Event "Hoogovens-B"]
[Site "Wijk aan Zee"]
[Date "1977.01.22"]
[Round "7"]
[White "Jamieson, Robert Murray"]
[Black "Van der Sterren, Paul"]
[Result "0-1"]
[WhiteElo "2430"]
[BlackElo "2375"]
[Annotator "Bulletin"]
[PlyCount "188"]
[EventDate "1977.01.14"]
[EventType "tourn"]
[EventRounds "11"]
[EventCountry "NED"]
[EventCategory "7"]
[SourceTitle "MCL"]
[Source "ChessBase"]
[SourceDate "1999.07.01"]
[SourceVersion "1"]
[SourceVersionDate "1999.07.01"]
[SourceQuality "1"]

1. e4 c5 2. Nf3 Nc6 3. d4 cxd4 4. Nxd4 Nf6 5. Nc3 e5 6. Ndb5 d6 7. Bg5 a6 8.
Na3 b5 9. Nd5 Be7 10. Bxf6 Bxf6 11. c3 O-O 12. Nc2 Rb8 13. a4 bxa4 14. Ra2 Bg5
15. Bc4 a5 16. Qd3 Be6 17. O-O Kh8 18. Rd1 g6 19. Nde3 Qb6 20. Rb1 Ne7 21. Rxa4
Rfc8 22. b3 Rc5 23. Bxe6 fxe6 24. c4 Rcc8 25. Qd2 Bxe3 26. Nxe3 Qd4 27. Qc2 Nc6
28. Rd1 Qc5 29. Qc3 Nd4 30. Qxa5 Qxa5 31. Rxa5 Rxb3 32. Ra6 Rd8 33. Ra7 Rdb8
34. g3 R8b7 35. Rxb7 Rxb7 36. Kg2 Kg7 37. Ra1 Kf7 38. Ra8 h5 39. Rh8 Kf6 40.
Rd8 Ke7 41. Rg8 Kf6 42. Rd8 Rb6 43. h4 Nb3 44. Rf8+ Ke7 45. Rg8 Kf7 46. Rc8 Nc5
47. Rc7+ Kf8 48. Rc8+ Ke7 49. Kf3 Rb2 50. Rc7+ Ke8 51. Rc8+ Kd7 52. Ra8 Nd3 53.
Nd1 Rd2 54. Ra1 Rc2 55. Ra4 Nc5 56. Ra7+ Ke8 57. Ne3 Rd2 58. Nf1 Rc2 59. Ne3
Rb2 60. Ra3 Rd2 61. Ra1 Rd4 62. Ra8+ Ke7 63. Ra7+ Kf8 64. Ra8+ Kg7 65. Ra7+ Kh6
66. g4 g5 67. hxg5+ Kxg5 68. gxh5 Nxe4 69. Rh7 Nd2+ 70. Ke2 Nxc4 71. h6 Nxe3
72. fxe3 Rh4 73. Rd7 d5 74. h7 Kg6 75. Re7 Kf6 76. Rd7 Kg6 77. Re7 Rxh7 78.
Rxe6+ Kf5 79. Ra6 Rh2+ 80. Kf3 Rh3+ 81. Ke2 Ke4 82. Ra4+ d4 83. exd4 exd4 84.
Ra8 Rh2+ 85. Kd1 Ke3 86. Re8+ $2 (86. Rd8) 86... Kd3 87. Kc1 Rh1+ 88. Kb2 Kd2
89. Rg8 d3 90. Rg2+ Ke3 91. Rg3+ Ke2 92. Rg2+ Kf3 93. Rg3+ Ke2 94. Kc3 Rc1+ 0-1

[Event "World U20-ch22"]
[Site "Belfort"]
[Date "1983.08.12"]
[Round "1"]
[White "Short, Nigel D"]
[Black "Greenfeld, Alon"]
[Result "1/2-1/2"]
[WhiteElo "2510"]
[BlackElo "2460"]
[Annotator "Bulletin/Primel,D"]
[PlyCount "83"]
[EventDate "1983.08.12"]
[EventType "swiss"]
[EventRounds "13"]
[EventCountry "FRA"]
[SourceTitle "EXT 2004"]
[Source "ChessBase"]
[SourceDate "2003.11.25"]
[SourceVersion "1"]
[SourceVersionDate "2003.11.25"]
[SourceQuality "1"]
[TimeControl "40/9000:16/5400:0"]

1. e4 {Avec un classement en juillet 2510, SHORT était dans le top 100 en 1983
(KARPOV était 1er avec 2710) et il était largement favori de ce championnat du
Monde. Il a néanmoins été insupportable pendant tout le tournoi en multipliant
les provocations en déclarant notamment а la presse "que ce qu'il détestait le
plus dans la vie était... la France!"} c5 2. Nf3 e6 3. d4 cxd4 4. Nxd4 Nf6 5.
Nc3 Nc6 6. Ndb5 d6 7. Bf4 e5 8. Bg5 a6 9. Na3 b5 10. Nd5 (10. Bxf6 gxf6 11. Nd5
f5) 10... Be7 11. Bxf6 Bxf6 12. c3 Ne7 {[%cal Ge7d5]} (12... O-O) (12... Bg5)
13. Nxf6+ (13. Nc2 Nxd5 14. Qxd5 Rb8 {[%cal Gc8b7]} 15. Nb4 $1 Bb7 16. Qd3 O-O
17. Be2 a5 18. Nd5 $14) 13... gxf6 14. Nc2 Bb7 15. Qd3 $6 (15. Bd3 $142 {
Plus courant} d5 $1 16. exd5 (16. Qe2 f5 17. exf5 e4 18. f6 Ng6 19. Qe3 Qxf6
20. Be2) 16... Qxd5 17. Ne3 {[%cal Ge3d5,Ge3g2]} Qe6 18. a4 Rd8 19. Qc2 e4 20.
Be2 f5 {[%cal Gf5f4]} 21. g3) 15... Qb6 $5 {Suivant une idée de Van Der Wiel
jouée dans une partie quelques mois plus tôt.} 16. Ne3 (16. g3 f5 17. Bg2 $14)
16... Rd8 $1 {[%cal Gd6d5] L'activité des pièces noires et l'avance de
développement compensent les faiblesses de structure de P.} 17. Nd5 (17. Be2 d5
$36) 17... Bxd5 18. exd5 f5 $11 19. Rd1 Rc8 $1 $15 {[%cal Gc8c5,Gc5d5] La R,
après avoir eu un rôle efficace en "d8" pour pousser "d5" ayant forcé SHORT а
échanger une pièce sur la faiblesse "d5", se recycle maintenant sur la colonne
"c"} 20. g3 O-O (20... Rc5 21. Bg2 Qb7 22. O-O b4 23. cxb4 Qxb4 24. a3 Qb7) 21.
Bg2 (21. Bh3) (21. a3 e4 $1 22. Qd2 Ng6 $6 {[%cal Gg6e5]} 23. Bh3 $1 {[%csl
Rf5]}) 21... b4 $132 22. c4 {[%csl Rc5]} Qa5 23. Qb3 Qc5 24. Bf1 (24. Rc1 {
[%csl Rc4]}) 24... f4 {Peut-être un peu prématuré car la Qc5 peut
difficillement attaquer а l'aile-roi mais les Noirs veulent ouvrir le jeu pour
profiter de la position du Ke1 bloqué au centre.} (24... a5 $1 25. Be2 Ra8 (
25... a4 $5 26. Qxa4 Ra8 27. Qb3 Ra7 $44 {[%csl Ra2,Rb3][%cal Gf8a8]}) 26. O-O
a4 27. Qf3 f6 {[%csl Gg5][%cal Gg8h8] les pièces blanches sont très passives})
25. gxf4 $1 exf4 26. Rg1+ $132 {La poussée f5f4 а donné inutilement du
contre-jeu aux blancs} Ng6 27. Rd2 Rfe8+ 28. Kd1 Re4 29. Bd3 Rd4 30. Qc2 Kf8 {
[%cal Gf8e7,Ge7d7,Gd7c7,Gc7b6,Gb6a5] le début d'un étonnant parcours du K noir
qui va se réfugier en ... a5!} 31. b3 (31. Re1 Ne5 {[%csl Ge5]}) 31... Ne5 $1
32. Bxh7 Ke7 33. Re1 Rh8 (33... Rxd2+ 34. Qxd2 Rh8 35. Bc2 Rxh2 36. Qxf4 Rxf2
$132) 34. Ree2 Kd8 (34... f3 $1 35. Re3 Kf8 36. Rxd4 Qxd4+ 37. Ke1 Qh4 $1 $40 {
[%cal Gh4h7,Gh4h2]}) 35. Qf5 Kc7 36. Kc1 Kb6 37. Rc2 Ka5 {SHORT s'est
peut-être souvenu ce cette montée du K lorsqu'il a joué contre TIMMAN а
Tilburg en 1991. La partie est devenue célèbre avec le zugzwang de TIMMAN qui
ne peut rien contre la montée du K adverse en plein millieu de jeu pour venir
le mater.} 38. Qf6 (38. Rxe5 dxe5 39. Qxf7 e4 40. Qg7 Rf8 $17) 38... Rxh7 39.
Rxe5 $1 dxe5 40. Qd8+ Qb6 41. Qd7 {[%csl Ga4] Avec une menace de mat en a4 qui
force la répétition de coups} Qc5 42. Qd8+ 1/2-1/2

[Event "Olympiad-23"]
[Site "Buenos Aires"]
[Date "1978.11.06"]
[Round "11"]
[White "Kavalek, Lubomir"]
[Black "Huebner, Robert"]
[Result "1-0"]
[WhiteElo "2570"]
[BlackElo "2595"]
[Annotator "Byrne/Mednis"]
[PlyCount "71"]
[EventDate "1978.10.25"]
[EventType "team-swiss"]
[EventRounds "14"]
[EventCountry "ARG"]
[SourceTitle "EXT 2000"]
[Source "ChessBase"]
[SourceDate "1999.11.16"]
[SourceVersion "1"]
[SourceVersionDate "1999.11.16"]
[SourceQuality "1"]
[WhiteTeam "US of America"]
[BlackTeam "Germany"]
[WhiteTeamCountry "USA"]
[BlackTeamCountry "GER"]

{Inf.26/371} 1. e4 c5 2. Nf3 Nc6 3. d4 cxd4 4. Nxd4 Qb6 5. Nb3 Nf6 6. Nc3 e6 7.
Bd3 Be7 8. Be3 Qc7 9. f4 d6 10. Qf3 a6 11. g4 b6 $6 (11... b5) (11... h6 12.
O-O-O b5 13. Rhg1 Nd7 14. Qf2 $16 {Estrin-Kopylov/URS 1973 - Inf.16/307}) 12.
g5 Nd7 13. O-O-O Nc5 14. Kb1 Bd7 15. h4 Qb7 16. Be2 Na7 17. f5 Nb5 18. Bd4 Bc6
19. fxe6 Nxc3+ 20. Bxc3 Nxe6 21. Rhf1 O-O 22. Bd3 b5 23. a3 Nc5 24. Nxc5 dxc5
25. Qf5 Rae8 26. Bxg7 $3 Bd7 (26... Kxg7 27. e5 $18) 27. Qe5 Bd8 28. Qd6 Kxg7
$8 29. Qh6+ Kh8 30. e5 f5 31. exf6 Be6 32. Rde1 $1 $18 c4 (32... Bc4 33. Rxe8
Rxe8 34. f7 $1) 33. Bg6 $1 Rf7 $8 34. Bxf7 Qxf7 (34... Bxf7 35. Rxe8+ Bxe8 36.
Qf8#) 35. g6 $1 Qxg6 36. f7 $1 1-0

[Event "EU-ch (Women) 11th"]
[Site "Rijeka"]
[Date "2010.03.12"]
[Round "7"]
[White "Gvetadze, Sofio"]
[Black "Moser, Eva"]
[Result "0-1"]
[WhiteElo "2342"]
[BlackElo "2437"]
[Annotator "CB"]
[PlyCount "64"]
[EventDate "2010.03.06"]
[EventType "swiss"]
[EventRounds "11"]
[EventCountry "CRO"]
[SourceTitle "CBM 135 Extra"]
[Source "ChessBase"]
[SourceDate "2010.05.04"]
[SourceVersion "1"]
[SourceVersionDate "2010.05.04"]
[SourceQuality "1"]

1. e4 c5 2. Nf3 Nc6 3. d4 cxd4 4. Nxd4 Nf6 5. Nc3 e5 6. Ndb5 d6 7. Nd5 Nxd5 8.
exd5 Nb8 9. c4 Be7 10. Be2 O-O 11. O-O a6 12. Nc3 Nd7 13. Kh1 f5 14. f4 Bf6 15.
Qc2 exf4 16. Bxf4 Ne5 17. b4 a5 18. Rab1 Ng6 19. Bg3 Bxc3 20. Qxc3 f4 21. Bf2
axb4 22. Rxb4 Rxa2 23. Bf3 Ne5 24. c5 Nxf3 25. Qxf3 Qg5 26. h3 h5 27. cxd6 Bg4
28. Qe4 Re2 29. Qc4 {#} f3 $1 30. hxg4 (30. g3 Bxh3 $19) 30... Qh4+ $3 31. Kg1
(31. Bxh4 fxg2+ 32. Kh2 gxf1=Q+) 31... fxg2 32. Kxg2 Rexf2+ 0-1